| 000 | 00560nam a22002177a 4500 | ||
|---|---|---|---|
| 003 | UA-OsUOA | ||
| 001 | 46011 | ||
| 007 | ta | ||
| 008 | 20070523b un ||||| |||| 00| 0 ukr d | ||
| 100 | _aЧеревань Ю. | ||
| 090 |
_a330 _bЧ-12 |
||
| 942 | _cSA | ||
| 040 |
_aUA-OsUOA _brus _cUA-OsUOA _dUA-OsUOA |
||
| 245 | _aНалоговые механизмы стимулирования экспорта | ||
| 300 | _aС.137-143 | ||
| 955 | _a0 | ||
| 041 | _arus | ||
| 080 | _a330 | ||
| 773 | 0 | _w46009 | |
| 650 | 7 |
_a330 Економіка взагалі _2UDC |
|
| 999 |
_c332111 _d332111 |
||